Every Amazing Digital Circus Character - Statistics

General Stats
  • This quiz has been taken 178 times
    83 since last reset
  • The average score is 29 of 43
Answer Stats
Picture Answer % Correct
Bubble
98%
Caine
98%
Gangle
96%
Jax
96%
Kinger
96%
Pomni
96%
Ragatha
96%
Zooble
93%
Kaufmo
91%
Moon
89%
Queenie
89%
Scratch
87%
Sun
87%
Ribbit
85%
Gloinks
83%
Abel
80%
Evil Ragatha
78%
Bazooble
76%
Evil Jax
76%
Evil Pomni
76%
Gummigoo
76%
Ming
72%
Orbsman
72%
Coach Dictator
70%
Evil Orbsman
70%
Gloink Queen
70%
Shrimp
65%
The Fudge
65%
Disappearing Guy
63%
Angel
57%
Ghostly
46%
Wormo
46%
Spike
43%
Chad
41%
Mannequins
41%
Bizco
39%
Max
39%
Rattie
39%
Red Fish
37%
Yellow Fish
35%
Princess Loolilalu
33%
The Gummy Elephant
30%
Martha Mildenhall
28%
No matching quizzes found
Score Distribution
Percent of People with Each Score
Percentile by Number Answered
Your Score History
You have not taken this quiz since the last reset